[Event "SVK-ch U12"]
[Site "Tatralandia"]
[Date "2024.04.07"]
[Round "4"]
[White "Kovacik, Oliver1"]
[Black "Viglas, Matej"]
[Result "1/2-1/2"]
[WhiteElo "1714"]
[BlackElo "1576"]
[PlyCount "48"]
[EventDate "2024.04.05"]
[EventType "swiss"]
[EventRounds "9"]
[EventCountry "SVK"]
[SourceTitle "CB16_2024"]
[SourceDate "2024.04.17"]
[SourceVersion "1"]
[SourceVersionDate "2024.04.17"]
[SourceQuality "1"]

1. d4 Nf6 2. Bf4 g6 3. e3 Bg7 4. Nf3 0-0 5. c3 d6 6. h3 Nbd7 7. Be2 Re8 8. 0-0 c5 9. Nbd2 a6 10. Re1 b5 11. a4 Bb7 12. axb5 axb5 13. Rxa8 Qxa8 14. Bxb5 Rb8 15. Bxd7 Nxd7 16. Qa1 Qxa1 17. Rxa1 Bxf3 18. Nxf3 Rb7 19. Ra8+ Bf8 20. Bh6 cxd4 21. Bxf8 Nxf8 22. Nxd4 Rxb2 23. Nc6 Rb7 24. Re8 e6 1/2-1/2

[Event "SVK-ch U12"]
[Site "Tatralandia"]
[Date "2024.04.06"]
[Round "2"]
[White "Prochazka, Michal"]
[Black "Viglas, Matej"]
[Result "1/2-1/2"]
[WhiteElo "1855"]
[BlackElo "1576"]
[PlyCount "103"]
[EventDate "2024.04.05"]
[EventType "swiss"]
[EventRounds "9"]
[EventCountry "SVK"]
[SourceTitle "CB16_2024"]
[SourceDate "2024.04.17"]
[SourceVersion "1"]
[SourceVersionDate "2024.04.17"]
[SourceQuality "1"]

1. e4 c6 2. d4 d5 3. exd5 cxd5 4. Bd3 Nf6 5. Bf4 Nc6 6. c3 g6 7. Nd2 Bg7 8. Ngf3 0-0 9. 0-0 Bg4 10. h3 Bxf3 11. Nxf3 e6 12. Re1 Qb6 13. Qd2 Nd7 14. h4 h5 15. Bh6 Rac8 16. Qg5 Qd8 17. Qd2 Re8 18. Re2 a6 19. Rae1 Nf6 20. Bg5 Qd7 21. Bf4 Ng4 22. Nh2 Nxh2 23. Kxh2 Kh7 24. Qe3 Na5 25. Qf3 Nc4 26. Qxh5+ Kg8 27. Qg4 Nd6 28. Be5 Bxe5+ 29. Rxe5 Qc7 30. Rg5 Ne4+ 31. Re5 Nxf2 32. Qg3 Nxd3 33. Qxd3 Kg7 34. Kg1 Rh8 35. g3 Qc4 36. Qxc4 Rxc4 37. Rf1 b5 38. Re3 a5 39. Ref3 Rf8 40. R1f2 Rc7 41. Kf1 Ra7 42. Ke1 Rb7 43. Kd1 Ra7 44. Kc2 a4 45. Rf1 Rb7 46. Kd3 Ra7 47. R3f2 Rb7 48. Rc1 Rc7 49. Rff1 Rfc8 50. Ra1 Ra7 51. Rfc1 Rac7 52. Rf1 1/2-1/2